Газодинамическое конструирование туннельного осесимметричного воздухозаборника изоэнтропического сжатия; Прикладная механика и техническая физика; Т. 56, № 5

Xehetasun bibliografikoak
Parent link:Прикладная механика и техническая физика.— , 1960-
Т. 56, № 5.— 2015.— [С. 111-118]
Egile nagusia: Галкин В. М. Владислав Михайлович
Erakunde egilea: Национальный исследовательский Томский политехнический университет Институт природных ресурсов Кафедра геологии и разработки нефтяных месторождений
Beste egile batzuk: Внучков Д. А., Звегинцев В. И.
Gaia:Заглавие с экрана
Рассматривается метод построения сверхзвукового туннельного осесимметричного воздухозаборника, основанный на задаче обращенного течения в кольцевом сопле с изоэнтропическим расширением. Для построения контура сопла используется метод характеристик. Рассчитаны параметры одного из построенных воздухозаборников для случаев течения вязкого и невязкого газов.
A method of designing a supersonic axisymmetric tunnel air inlet based on the problem of an inverted flow in an annular nozzle with isentropic expansion is considered. The nozzle contour is constructed by the method of characteristics. Parameters of one inlet for viscous and inviscid gas flows are calculated.
Режим доступа: по договору с организацией-держателем ресурса
Hizkuntza:errusiera
Argitaratua: 2015
Saila:Прикладная механика и техническая физика
Gaiak:
Sarrera elektronikoa:http://dx.doi.org/10.15372/PMTF20150509
Formatua: Baliabide elektronikoa Liburu kapitulua
KOHA link:https://koha.lib.tpu.ru/cgi-bin/koha/opac-detail.pl?biblionumber=646752

MARC

LEADER 00000naa0a2200000 4500
001 646752
005 20250130133218.0
035 |a (RuTPU)RU\TPU\network\11888 
035 |a RU\TPU\network\8929 
090 |a 646752 
100 |a 20160314d2015 k||y0rusy50 ca 
101 0 |a rus 
102 |a RU 
135 |a drnn ---uucaa 
181 0 |a i  
182 0 |a b 
200 1 |a Газодинамическое конструирование туннельного осесимметричного воздухозаборника изоэнтропического сжатия  |d Gas-dynamicdesign of anaxisymmetric tunnel air in let with isentropiccompression  |f В. М. Галкин, Д. А. Внучков, В. И. Звегинцев 
203 |a Текст  |c электронный 
225 1 |a Прикладная механика и техническая физика 
300 |a Заглавие с экрана 
320 |a [Библиогр.: с. 118 (11 назв.)] 
330 |a Рассматривается метод построения сверхзвукового туннельного осесимметричного воздухозаборника, основанный на задаче обращенного течения в кольцевом сопле с изоэнтропическим расширением. Для построения контура сопла используется метод характеристик. Рассчитаны параметры одного из построенных воздухозаборников для случаев течения вязкого и невязкого газов. 
330 |a A method of designing a supersonic axisymmetric tunnel air inlet based on the problem of an inverted flow in an annular nozzle with isentropic expansion is considered. The nozzle contour is constructed by the method of characteristics. Parameters of one inlet for viscous and inviscid gas flows are calculated. 
333 |a Режим доступа: по договору с организацией-держателем ресурса 
461 |t Прикладная механика и техническая физика  |d 1960- 
463 |t Т. 56, № 5  |v [С. 111-118]  |d 2015 
510 1 |a Gas-dynamicdesign of anaxisymmetric tunnel air in let with isentropiccompression  |z eng 
610 1 |a электронный ресурс 
610 1 |a труды учёных ТПУ 
610 1 |a сверхзвуковые течения 
610 1 |a воздухозаборники 
610 1 |a уравнения Эйлера 
700 1 |a Галкин  |b В. М.  |c геолог  |c доцент Томского политехнического университета, кандидат физико-математических наук  |f 1955-  |g Владислав Михайлович  |3 (RuTPU)RU\TPU\pers\27966  |9 12956 
701 1 |a Внучков  |b Д. А. 
701 1 |a Звегинцев  |b В. И. 
712 0 2 |a Национальный исследовательский Томский политехнический университет  |b Институт природных ресурсов  |b Кафедра геологии и разработки нефтяных месторождений  |3 (RuTPU)RU\TPU\col\18657  |9 27110 
801 2 |a RU  |b 63413507  |c 20160404  |g RCR 
856 4 0 |u http://dx.doi.org/10.15372/PMTF20150509 
942 |c CF